Вып. 161 : Обобщенная вычислимость и определимость; Вычислительные системы

Podrobná bibliografie
Parent link:Вычислительные системы: сборник научных трудов/ Российская академия наук; Институт математики им. С. Л. Соболева. Вып. 161 : Обобщенная вычислимость и определимость.— : [Б. и.], 1964-2008
Další autoři: Ершов Ю. Л. (редактор)
Jazyk:ruština
Vydáno: 1998
Témata:
Médium: MixedMaterials Kniha
KOHA link:https://koha.lib.tpu.ru/cgi-bin/koha/opac-detail.pl?biblionumber=10809

MARC

LEADER 00000nam2a2200000 4500
001 10809
005 20231101204734.0
035 |a (RuTPU)RU\TPU\book\10874 
035 |a BOOK00010940 
090 |a 10809 
100 |a 20011209d1998 k y0rusy50 ca 
101 0 |a rus 
102 |a RU 
105 |a y z 000zy 
200 0 |a Вып. 161 : Обобщенная вычислимость и определимость  |f под ред. Ю. Л. Ершова 
210 |d 1998 
215 |a 175 с. 
461 1 |0 (RuTPU)RU\TPU\book\41273  |t Вычислительные системы  |o сборник научных трудов  |f Российская академия наук; Институт математики им. С. Л. Соболева  |v Вып. 161 : Обобщенная вычислимость и определимость  |n [Б. и.]  |d 1964-2008 
606 1 |a Математические вычисления  |2 stltpush  |3 (RuTPU)RU\TPU\subj\41226  |9 61033 
610 1 |a вычислительные системы 
610 1 |a вычислительная математика 
610 1 |a вычислимость 
610 1 |a определимость 
675 |a 519.6  |v 3 
702 1 |a Ершов  |b Ю. Л.  |4 340 
801 0 |a RU  |b 63413507  |c 20011209  |g PSBO 
801 2 |a RU  |b 63413507  |c 20170207  |g PSBO 
942 |c BK